000 00631nam a2200229 a 4500
008
020 _a034064401x (pbk.)
049 _aMAIN
090 _aP91
100 1 _abromley, Michael
245 1 0 _aMedia studies :
_ban introduction to journalism /
_cMichael Bromley.
260 _aLondon :
_bHodder and Stoughton,
_c1995.
300 _avi, 170 p. ;
_c20 cm.
500 _aIncludes index.
650 0 _aMass media.
650 0 _aPopular culture.
907 _a.b10101706
_b06-12-03
_c06-12-03
003
005 20230123133537.0
040 _cNUST
942 _cBOOKS
_kP91
999 _c150442
_d150442